000 00915nam a2200277Ia 4500
003 OSt
005 20221005110255.0
006 a|||||r|||| 00| 0
007 ta
008 221004b |||||||| |||| 00| 0 hin d
020 _a9789383513369 (hbk)
_cIndian Rupees 550
024 _a43851
037 _bGift, 29/05/2019,
_cTextual
040 _aCRL
_cCRL
_bhin
041 _2hin
_ahin
082 _aP:795, 152Q5
100 _aगोरे, भारती, ले.
245 0 _aअनुवाद विचार
246 _aAnuvād vichāra
260 _aनई दिल्ली
_bस्वराज प्रकाशन भारत
_c2015
300 _a224पृ0
_ccm.
650 _a अनुवाद
650 _aहिन्दी भाषा
942 _hP:795, 152Q5
_cTEXL
_2cc
999 _c1018309
_d1018309